书目信息 |
| 题名: |
中国革命史
|
|
| 作者: | 刘茂林 主编 | |
| 分册: | ||
| 出版信息: | 北京 北京出版社 1990.9 |
|
| 页数: | 364页 | |
| 开本: | 20cm | |
| 丛书名: | ||
| 单 册: | ||
| 中图分类: | K25 | |
| 科图分类: | 22.27 | |
| 主题词: | 新民主主义革命--历史--中国 , 社会主义革命--历史--中国 , 资产阶级民主革命--历史--中国 | |
| 电子资源: | ||
| ISBN: | 7-200-01218-1 | |
| 000 | 00723nam 2200253 45 | |
| 001 | 0191000821 | |
| 005 | 20070721104042.87 | |
| 010 | @a7-200-01218-1@dCNY5.80 | |
| 100 | @a19910110d1990 ekmy0chiy0121 ea | |
| 101 | 0 | @achi |
| 102 | @aCN@b110000 | |
| 105 | @ay z 000yy | |
| 200 | 10 | @a中国革命史@AZHONG GUO GE MING SHI@f刘茂林主编@FLIU MAO LIN ZHU BIAN |
| 210 | @a北京@c北京出版社@d1990.9@h1992 | |
| 215 | @a364页@d20cm | |
| 540 | 1 | @a革命史@AGE MING SHI |
| 606 | @a新民主主义革命@x历史@y中国 | |
| 606 | @a社会主义革命@x历史@y中国 | |
| 606 | @a资产阶级民主革命@x历史@y中国 | |
| 690 | @aK25 | |
| 692 | @a22.27 | |
| 701 | 0 | @a刘茂林@ALIU MAO LIN@4主编 |
| 801 | 0 | @aCN@bTSSF@c20070721 |
| 905 | @a10447@dK25@e165 | |
| 中国革命史/刘茂林主编.-北京:北京出版社,1990.9(1992) |
| 364页;20cm |
| ISBN 7-200-01218-1:CNY5.80 |
| ● |
| 相关链接 |
|
|
|
|
正题名:中国革命史
索取号:K25/165
 
预约/预借
| 序号 | 登录号 | 条形码 | 馆藏地/架位号 | 状态 | 备注 |
| 1 | 0769705 | 207697054 | 第二样本阅览室/ [索取号:K25/165] | 在馆 |